[Event "ARG-ch sf Amateur sf 20"]
[Site "Villaguay"]
[Date "2019.12.07"]
[Round "4.18"]
[White "Noguera, Victoria Mercedes"]
[Black "Yujnovsky, German"]
[Result "0-1"]
[WhiteElo "1179"]
[BlackElo "1645"]
[PlyCount "80"]
[EventDate "2019.12.06"]
[EventType "swiss"]
[EventRounds "6"]
[EventCountry "ARG"]
[SourceTitle "EXT 2024"]
[Source "ChessBase"]
[SourceDate "2023.10.10"]
[SourceVersion "1"]
[SourceVersionDate "2023.10.10"]
[SourceQuality "1"]

1. c4 f5 2. Nc3 Nf6 3. g3 g6 4. Bg2 Bg7 5. Nf3 d6 6. 0-0 0-0 7. d3 e5 8. Bd2 c6 9. Rb1 a5 10. a3 Na6 11. b4 axb4 12. axb4 Bd7 13. Nh4 Qe8 14. b5 Nc7 15. bxc6 Bxc6 16. Qb3 Kh8 17. Nf3 h6 18. Rfc1 g5 19. Nb5 Qd7 20. Bc3 Nxb5 21. cxb5 Bd5 22. Qb4 Be6 23. Nd2 Nd5 24. Qb2 Nxc3 25. Qxc3 Rfc8 26. Qb4 d5 27. b6 Bf8 28. Qb2 Bd6 29. Nf3 Qg7 30. Qb3 Qf6 31. Qb2 Kg7 32. Nd2 Qf7 33. e4 fxe4 34. d4 exd4 35. Rxc8 Rxc8 36. Rc1 Qd7 37. Bf1 Rxc1 38. Qxc1 Qc8 39. Qb2 Qc3 40. Qxc3 dxc3 0-1

[Event "San Salvador op"]
[Site "San Salvador"]
[Date "2019.06.22"]
[Round "4"]
[White "Campopiano, Julio"]
[Black "Yujnovsky, German"]
[Result "1/2-1/2"]
[WhiteElo "1802"]
[BlackElo "1606"]
[PlyCount "52"]
[EventDate "2019.06.21"]
[EventType "swiss"]
[EventRounds "6"]
[EventCountry "ARG"]
[SourceTitle "CBM 191 Extra"]
[Source "ChessBase"]
[SourceDate "2019.09.30"]
[SourceVersion "1"]
[SourceVersionDate "2019.09.30"]
[SourceQuality "1"]

1. c4 d6 2. g3 f5 3. Bg2 Nf6 4. Nc3 g6 5. d4 Bg7 6. Nf3 0-0 7. 0-0 e6 8. Qc2 Qe7 9. Rd1 c6 10. Bf4 Nh5 11. Bg5 Bf6 12. Bxf6 Qxf6 13. e4 Na6 14. e5 Qe7 15. a3 Nc7 16. exd6 Qxd6 17. c5 Qe7 18. Ne5 Nf6 19. f4 Ncd5 20. Re1 Qc7 21. Nc4 Bd7 22. b4 Nxc3 23. Qxc3 Nd5 24. Bxd5 cxd5 25. Ne5 Ba4 26. Nd3 Rae8 1/2-1/2

[Event "San Salvador op"]
[Site "San Salvador"]
[Date "2019.06.22"]
[Round "3"]
[White "Yujnovsky, German"]
[Black "Landivar, Matias"]
[Result "1/2-1/2"]
[WhiteElo "1606"]
[BlackElo "2078"]
[PlyCount "63"]
[EventDate "2019.06.21"]
[EventType "swiss"]
[EventRounds "6"]
[EventCountry "ARG"]
[SourceTitle "CBM 191 Extra"]
[Source "ChessBase"]
[SourceDate "2019.09.30"]
[SourceVersion "1"]
[SourceVersionDate "2019.09.30"]
[SourceQuality "1"]

1. e4 e6 2. d4 d5 3. Nc3 Nf6 4. e5 Nfd7 5. f4 c5 6. Nf3 Be7 7. Be3 0-0 8. Qd2 Nc6 9. Be2 a6 10. 0-0 b5 11. dxc5 Nxc5 12. Nd4 Nxd4 13. Bxd4 b4 14. Nd1 a5 15. Nf2 Ba6 16. Bd3 Qd7 17. Ng4 Ne4 18. Qe2 Bxd3 19. cxd3 Bc5 20. Qe3 Qa7 21. Bxc5 Nxc5 22. d4 Ne4 23. f5 exf5 24. Rxf5 Rac8 25. Nf6+ gxf6 26. exf6 Kh8 27. Raf1 Rg8 28. Rh5 Rg6 29. Rxh7+ Kxh7 30. Qh3+ Rh6 31. Qf5+ Rg6 32. Qh3+ 1/2-1/2

[Event "San Salvador op"]
[Site "San Salvador"]
[Date "2019.06.21"]
[Round "1"]
[White "Yujnovsky, German"]
[Black "Mussanti, Diego"]
[Result "0-1"]
[WhiteElo "1606"]
[BlackElo "2287"]
[PlyCount "50"]
[EventDate "2019.06.21"]
[EventType "swiss"]
[EventRounds "6"]
[EventCountry "ARG"]
[SourceTitle "CBM 191 Extra"]
[Source "ChessBase"]
[SourceDate "2019.09.30"]
[SourceVersion "1"]
[SourceVersionDate "2019.09.30"]
[SourceQuality "1"]

1. e4 c5 2. Nf3 e6 3. d4 cxd4 4. Nxd4 Nc6 5. Nc3 d6 6. Be3 Nf6 7. f3 Be7 8. Qd2 0-0 9. 0-0-0 a6 10. g4 Nxd4 11. Bxd4 b5 12. Kb1 Bb7 13. h4 Nd7 14. g5 Rc8 15. Be3 b4 16. Ne2 Ne5 17. Nd4 d5 18. exd5 Bxd5 19. Be2 Nc4 20. Bxc4 Rxc4 21. Rh3 Qc8 22. h5 e5 23. Nf5 Qxf5 24. Qxd5 Qxc2+ 25. Ka1 Rd4 0-1

[Event "Parana Agmer U2200"]
[Site "Parana"]
[Date "2017.06.11"]
[Round "6.6"]
[White "Fiszson, Sergio Javier"]
[Black "Yujnovsky, German"]
[Result "1-0"]
[WhiteElo "1751"]
[BlackElo "1690"]
[PlyCount "61"]
[EventDate "2017.06.09"]
[EventType "swiss"]
[EventRounds "6"]
[EventCountry "ARG"]
[SourceTitle "EXT 2024"]
[Source "ChessBase"]
[SourceDate "2023.10.10"]
[SourceVersion "1"]
[SourceVersionDate "2023.10.10"]
[SourceQuality "1"]

1. e4 c5 2. Nf3 d6 3. d4 cxd4 4. Nxd4 Nf6 5. Nc3 a6 6. Be2 e5 7. Nb3 Be7 8. a4 Be6 9. Be3 Nbd7 10. 0-0 0-0 11. f4 Qc7 12. f5 Bc4 13. a5 Bxe2 14. Qxe2 Nc5 15. Nxc5 dxc5 16. Nd5 Nxd5 17. exd5 Qd6 18. Qg4 Bf6 19. Qe4 b5 20. axb6 Qxb6 21. g4 Qb4 22. c4 h6 23. h4 Bxh4 24. f6 g5 25. Rf5 Rfe8 26. Raf1 Rad8 27. R1f2 Qe1+ 28. Kg2 Bxf2 29. Rxf2 Qb4 30. Bxg5 hxg5 31. Qf5 1-0

[Event "Villaguay op"]
[Site "Villaguay"]
[Date "2016.07.29"]
[Round "2"]
[White "Yujnovsky, German"]
[Black "Ayala, Marcelo"]
[Result "0-1"]
[WhiteElo "1705"]
[BlackElo "2141"]
[PlyCount "72"]
[EventDate "2016.07.29"]
[EventType "swiss"]
[EventRounds "7"]
[EventCountry "ARG"]
[SourceTitle "CBM 173 Extra"]
[Source "ChessBase"]
[SourceDate "2016.08.29"]
[SourceVersion "1"]
[SourceVersionDate "2016.08.29"]
[SourceQuality "1"]

1. e4 d5 2. exd5 Nf6 3. d4 Bg4 4. Be2 Bxe2 5. Nxe2 Qxd5 6. 0-0 Nc6 7. Nbc3 Qf5 8. Ng3 Qg6 9. a3 0-0-0 10. Be3 Nxd4 11. Bxd4 e5 12. Nb5 exd4 13. Nxa7+ Kb8 14. Nb5 c6 15. Nc3 Bd6 16. Nce2 h5 17. Re1 h4 18. Nf1 h3 19. g3 Bc7 20. Qd3 Qh5 21. Nd2 Rhe8 22. b4 Qd5 23. Nf3 g5 24. Rad1 g4 25. Nh4 Re4 26. Nc1 Rde8 27. Qd2 Nd7 28. Nd3 Bd8 29. Nf4 Qe5 30. Nd3 Qh5 31. Rxe4 Rxe4 32. Re1 Bxh4 33. Rxe4 Qd5 34. gxh4 Qxe4 35. Ne1 Ne5 36. Kf1 Nf3 0-1